| 000 | 01374nam a2200265Ia 4500 | ||
|---|---|---|---|
| 999 |
_c40578 _d40578 |
||
| 001 | 7203 | ||
| 003 | GE_BSU | ||
| 005 | 20230516121229.0 | ||
| 008 | 181216s2009||||g |||||||||||||| ||geo|| | ||
| 010 | _a9789994017911 | ||
| 040 | _cGE_BSU | ||
| 041 | _ageo | ||
| 080 | _a302.3 ლ-41 | ||
| 100 |
_aლემპერერი, ალენ პეკარ _918082 |
||
| 245 |
_aმოლაპარაკების მეთოდები = Metode de negociation / _cალენ პეკერ ლემპერერი; ორელიენ კოლსონი; მთარგმნელები: ნატო მაჭარაშვილი; თინათინ ღარიბაშვილი. |
||
| 264 |
_aთბილისი: _bჯისიაი, _c2009. |
||
| 300 |
_a332 გვ.; _b22სმ. |
||
| 504 | _aბიბლიოგრაფია: გვ. 327-332. | ||
| 653 | _aმოლაპარაკების მეთოდები. | ||
| 653 | _aსოციალური ინტერაქცია. | ||
| 700 |
_aკოლსონი, ორელიენ _eავტორი _918083 |
||
| 700 |
_aმაჭარაშვილი, ნატო _eმთარგმნელი _918084 |
||
| 700 |
_aღარიბაშვილი, თინათინ _eმთარგმნელი _918085 |
||
| 942 |
_cBK _2udc |
||